000
00328 a2200157 4500
001
156633
020
_a
8516037258
040
_c
Escola São Tomás de Aquino
100
_a
PRESCHER, Elisabeth
240
1
0
_a
Grandpa
_l
por
245
1
0
_a
Grandpa
300
_a
32
362
0
_a
2003
697
_a
Língua inglesa
942
_c
BK
999
_c
156633
_d
156633